[Event "GER-ch U10"]
[Site "Willingen"]
[Date "2022.06.09"]
[Round "8"]
[White "Svanidze, Alexander"]
[Black "Classen, Marnin"]
[Result "0-1"]
[WhiteElo "1348"]
[BlackElo "1168"]
[PlyCount "56"]
[EventDate "2022.06.04"]
[EventType "swiss"]
[EventRounds "11"]
[EventCountry "GER"]
[SourceTitle "CBM 208 Extra"]
[Source "ChessBase"]
[SourceDate "2022.07.31"]
[SourceVersion "1"]
[SourceVersionDate "2022.07.31"]
[SourceQuality "1"]

1. e4 e6 2. d4 d5 3. exd5 exd5 4. Bd3 Bd6 5. Nf3 Nf6 6. 0-0 0-0 7. Bg5 h6 8. Bh4 Bg4 9. Nc3 c6 10. h3 Bh5 11. Re1 Nbd7 12. Be2 Qc7 13. Nd2 Bxe2 14. Nxe2 Rfe8 15. Bg3 Re7 16. Bxd6 Qxd6 17. Ng3 Rxe1+ 18. Qxe1 Re8 19. Qf1 Qb4 20. Nb3 a5 21. c3 Qb6 22. Rb1 Ne4 23. Nxe4 Rxe4 24. Qd3 Nf6 25. Nc5 Re7 26. Qf5 Qc7 27. b4 axb4 28. Rxb4 Re1# 0-1

[Event "GER-ch U10"]
[Site "Willingen"]
[Date "2022.06.08"]
[Round "7"]
[White "Wagener, Nicolas"]
[Black "Svanidze, Alexander"]
[Result "1-0"]
[WhiteElo "1315"]
[BlackElo "1348"]
[PlyCount "112"]
[EventDate "2022.06.04"]
[EventType "swiss"]
[EventRounds "11"]
[EventCountry "GER"]
[SourceTitle "CBM 208 Extra"]
[Source "ChessBase"]
[SourceDate "2022.07.31"]
[SourceVersion "1"]
[SourceVersionDate "2022.07.31"]
[SourceQuality "1"]

1. e4 e5 2. Nf3 Nc6 3. Bc4 Bc5 4. c3 Nf6 5. d4 exd4 6. cxd4 Bb4+ 7. Nc3 Nxe4 8. 0-0 Bxc3 9. d5 Ne5 10. Bd3 0-0 11. Bxe4 Nxf3+ 12. Qxf3 Bf6 13. Qh5 g6 14. Qf3 d6 15. Bh6 Bg7 16. Bxg7 Kxg7 17. Rfe1 Qf6 18. Qxf6+ Kxf6 19. Rac1 Rd8 20. Rxc7 Rd7 21. Rec1 Rxc7 22. Rxc7 b6 23. g3 Ba6 24. Rd7 Ke5 25. Bg2 Rc8 26. h4 Rc1+ 27. Kh2 Rc2 28. Rxa7 Bc4 29. Rxf7 Rxb2 30. Rxh7 Rxf2 31. Kg1 Rxa2 32. Rg7 b5 33. Rxg6 b4 34. Rg4 Rc2 35. Re4+ Kf6 36. Re6+ Kf7 37. Rxd6 b3 38. Rb6 b2 39. Be4 Rd2 40. Rb4 Ba2 41. Kf1 Rd1+ 42. Ke2 b1Q 43. Bxb1 Rxb1 44. Rxb1 Bxb1 45. Ke3 Kf6 46. Kd4 Bf5 47. Kc5 Ke7 48. d6+ Kd7 49. h5 Be4 50. Kd4 Bf5 51. Ke5 Bh7 52. g4 Bc2 53. g5 Bd1 54. h6 Bc2 55. Kf6 Kxd6 56. g6 Bxg6 1-0